Normal view
MARC view
- Ravela, Pedro
Entry Nombre Personal
001 - NUMERO DE CONTROL
- campo de control: 44045
003 - IDENTIFICADOR DE NUMERO DE CONTROL
- campo de control: UPN
005 - FECHA Y HORA DE LA ÜLTIMA TRANSACCIÓN
- campo de control: 20220317121802.0
008 - DATOS DE LONGITUD FIJA
- campo de control de longitud fija: 220317|| acn||aabn | a|a d
040 ## - FUENTE DE CATALOGACIÓN
- Agencia original de catalogación: MX-MxUPN
100 1# - ENCABEZAMIENTO - NOMBRE PERSONAL
- Nombre personal: Ravela, Pedro
670 ## - FUENTE EN LA QUE SE LOCALIZARON DATOS
- Cita de la fuente: ¿Cómo mejorar la evaluación en el aula?, 2017
- Información localizada: port. (Pedro Ravela)
